| 000 | 00592nam a22001577a 4500 | ||
|---|---|---|---|
| 005 | 20250812125208.0 | ||
| 008 | 250730b |||||||| |||| 00| 0 eng d | ||
| 050 |
_aRES HD 30. 213 .O 34 2012 _b1 |
||
| 100 | _aOGETO, EMMA KWAMBOKA | ||
| 245 |
_aAN ASSESSMENT OF THE EFFECT OF BUSINESS INFORMATION SYSTEMS ON ORGANIZATIONAL PERFORMANCE _b:A CASE STUDY OF NYANKOBA TEA FACTORY |
||
| 260 |
_aKISII UNIVERSITY PRESS, _bKISII UNIVERSITY PRESS, _c2012, |
||
| 300 | _aXVI, 39P., ILL: | ||
| 500 | _aINCLUDES BIBLIOGRAPHICAL REFERENCES | ||
| 650 | _aBusiness information systems | ||
| 942 |
_2lcc _cREF |
||
| 999 |
_c215981 _d215981 |
||